La paciente impaciencia / (Record no. 5500)
[ view plain ]
| 000 -CABECERA | |
|---|---|
| campo de control de longitud fija | 00839cam a2200241 a 4500 |
| 001 - NÚMERO DE CONTROL | |
| campo de control | 000005704 |
| 005 - FECHA Y HORA DE LA ÚLTIMA TRANSACCIÓN | |
| campo de control | 20200929151743.0 |
| 008 - DATOS DE LONGITUD FIJA--INFORMACIÓN GENERAL | |
| campo de control de longitud fija | 901102s1989 cu a f001 0 spa |
| 040 ## - FUENTE DE LA CATALOGACIÓN | |
| Centro catalogador/agencia de origen | DO-SdBNP |
| Centro/agencia transcriptor | DLC |
| Centro/agencia modificador | DLC |
| 082 ## - NÚMERO DE LA CLASIFICACIÓN DECIMAL DEWEY | |
| Número de clasificación | 972.85053 |
| Número de documento/Ítem | B732p |
| 100 1# - ENTRADA PRINCIPAL--NOMBRE DE PERSONA | |
| Nombre de persona | Borge, Tomás |
| Forma completa/desarrollada del nombre | (Tomás Borge Martínez), |
| Fechas asociadas al nombre | 1930- |
| 9 (RLIN) | 16110 |
| 245 13 - MENCIÓN DE TÍTULO | |
| Título | La paciente impaciencia / |
| Mención de responsabilidad, etc. | Tomás Borge. |
| 260 ## - PUBLICACIÓN, DISTRIBUCIÓN, ETC. | |
| Lugar de publicación, distribución, etc. | La Habana : |
| Nombre del editor, distribuidor, etc. | Casa de las Américas, |
| Fecha de publicación, distribución, etc. | 1989. |
| 300 ## - DESCRIPCIÓN FÍSICA | |
| Extensión | 459 p. : |
| Otras características físicas | il. ; |
| Dimensiones | 19 cm. |
| 490 1# - MENCIÓN DE SERIE | |
| Mención de serie | Testimonio |
| 586 ## - NOTA DE PREMIOS | |
| Nota de premios | Premio casa de las américas, 1989. |
| 651 #4 - PUNTO DE ACCESO ADICIONAL DE MATERIA--NOMBRE GEOGRÁFICO | |
| Nombre geográfico | Nicaragua |
| Subdivisión general | Historia |
| Subdivisión cronológica | 1979-1990 |
| 9 (RLIN) | 16111 |
| 651 #4 - PUNTO DE ACCESO ADICIONAL DE MATERIA--NOMBRE GEOGRÁFICO | |
| Nombre geográfico | Nicaragua |
| Subdivisión general | Historia |
| Subdivisión cronológica | 1937-1990. |
| 9 (RLIN) | 16112 |
| 610 20 - PUNTO DE ACCESO ADICIONAL DE MATERIA--NOMBRE DE ENTIDAD CORPORATIVA | |
| Nombre de entidad corporativa o nombre de jurisdicción como elemento de entrada | FRENTE SANDINISTA DE LIBERACIÒN NACIONAL |
| Subdivisión general | HISTORIA |
| 9 (RLIN) | 16113 |
| 600 10 - PUNTO DE ACCESO ADICIONAL DE MATERIA--NOMBRE DE PERSONA | |
| Nombre de persona | Borge, Tomás, |
| Fechas asociadas al nombre | 1930- |
| 9 (RLIN) | 16114 |
| 830 #0 - PUNTO DE ACCESO ADICIONAL DE SERIE-TÍTULO UNIFORME | |
| Título uniforme | Testimonio |
| 9 (RLIN) | 16115 |
| 910 ## - DATOS DE OPCIÓN DEL USUARIO (OCLC) | |
| Datos de opción del usuario | Catalogación por copia / LC |
| Estado de retiro | Estado de pérdida | Restricciones de uso | No para préstamo | Código de colección | Localización permanente | Ubicación/localización actual | Ubicación en estantería | Fecha de adquisición | Número de inventario | Total de préstamos | Signatura topográfica completa | Código de barras | Fecha visto por última vez | Precio válido a partir de | Tipo de ítem Koha | Número de copia |
|---|---|---|---|---|---|---|---|---|---|---|---|---|---|---|---|---|
| Préstamo interno | Monografías: Libros y Folletos | General | General | En catalogación | 21.08.2009 | LF1 | 972.85053 B732p | 5704-10 | 25.06.2020 | 25.06.2020 | Préstamo interno | |||||
| Préstamo restringido | Préstamo restrigido | Monografías: Libros y Folletos | General | General | En catalogación | 21.04.2010 | LF1 | 972.85053 B732p | 5704-30 | 25.06.2020 | 25.06.2020 | Préstamo interno | e.2 |
